000 00871nam a22002297a 4500
003 OSt
005 20230824075642.0
008 221006b |||||||| |||| 00| 0 eng d
040 _cBiblioteca Lado V
082 _a700
_bR331a
100 _9962
_aReeve, Charles
_eeditor
245 _aART PAPERS MAGAZINE/
260 _c1999
_bMITPREESS
_aHonduras
300 _c25.5x34cm
_a68p.
490 _a05
_v23.3
505 _tFEATURES
_aAccording to what Provoking Perception Crossing a Culture Divide
505 _tCOLUMNS AND RESOURCES
_aNews Departures IN Belfast Findings Surviving Studio Visit Art Resource Guide
650 _2Tesauro de Arte & Arquitectura
_aARTE
650 _2Tesauro de Arte & Arquitectura
_aEXHIBICIONES
_9702
650 _2Tesauro de Arte & Arquitectura
_aANALISIS
_9703
942 _2ddc
_c1
_h700
_iR331a
_n0
999 _c4200
_d4200